Culture Générale - Série 1553 - Statistiques

Statistiques générales
  • Ce quiz a été pris 115 fois
  • Le résultat moyen est 5 sur 10
Statistiques - réponses
Question Réponse % Correct
Lequel de nos cinq sens est touché par les "acouphènes" ? ouïe
96%
De traverse, je suis un raccourci. De croix, je représente la Passion du Christ. Mes semblables et moi-même menons tous à Rome. Que suis-je ? chemin
92%
Quel jeu de cartes, comportant soixante-dix-huit lames, est utilisé pour la divination quand il est "de Marseille" ? tarot
89%
Sur Terre, combien y a-t-il de fuseaux horaires ? 24
73%
Quel mot latin désigne l'os plat situé à la partie antérieure du thorax, s'articulant avec les sept premières paires de côtes ? sternum
67%
En 1999, quelle actrice, prénommée Milla, incarnait la "Jeanne d'Arc" de Luc Besson ? Milla Jovovich
32%
De quelle origine est l'écrivain Mario Vargas Llosa ? péruvienne
24%
En 1594, dans quelle ville Henri IV se fait-il sacrer roi ? Chartres
23%
En 1862, à quel peintre doit-on “Le Bain turc” ? Ingres
17%
À quel écrivain doit-on l'oeuvre autobiographique “Mémoires d'un fou”, en 1838 ? Gustave Flaubert
10%
Aucun quiz correspondant
Distribution des résultats
% des personnes avec chaque résultat
Percentile par nombre de réponses
Votre historique - résultats
Vous n’avez pas pris ce quiz